000 01171nam a2200253 a 4500
001 BRCA_6326
005 20190320205419.0
008 100811s1943----mx-a######---#000-0#spa-#
041 _aspa
044 _amx
050 4 _aPQ7100
_b.H54 1 1943
245 1 0 _aEl hijo pródigo
_bRevista literaria
_cOctavio G. Barreda editor; Isaac Rojas Rosillo administrador.
260 _aMéxico
_bLetras de México
_c1943-1946
300 _a9 v.
_bil.
_c23 cm.
500 _aLa biblioteca cuenta con 2 ejemplres del v. 2 (Año I, No. 3. Junio, 1943)
500 _aRevista inventariada por Banco de México como libro
500 _aVer también K189, K190 y K191
500 _aK188
505 0 _aContenido: v.1. Año I, No. 1, Abril 1943.-- v.2. Año I, No. 3, Junio 1943 (2 ejemplares).-- v.3. Año I, No. 4, Julio 1943.-- v.4. Año I, No. 5, Agosto 1943.-- v.5. Año I, No. 6, Septiembre 1943.-- v.6. Año I, Vol. II, No. 7, Octubre 1943.-- v.7. Año I, Vol. II, No. 8, Noviembre 1943.-- v.8. Año I, Vol. II, No. 9, Diciembre 1943.
650 1 4 _aLiteratura mexicana
_vPublicaciones periódicas
_915868
650 1 4 _aArte
_zMéxico
_915869
902 _aGFM
942 _2lcc
_cB
999 _c6012
_d6012